01597nab a22002657a 4500999001500000003000400015005001700019008004100036040000700077100002900084245015000113260007300263300001500336500007200351505046500423505008900888650003500977650003901012650003701051650003601088650003201124650002301156773013901179942001301318 c5693d5693OSt20251227005252.0190603e xxum|||| |||| 00| 0 spa d cPJ aUzal, María Elsa 932613aLos métodos para la determinación del derecho aplicable en el DIPr dentro del Código Civil y Comercial de la Nación /cMaría Elsa Uzal. cCiudad Autónoma de Buenos Aires :aThomson Reuters La Ley, b2025. ap. 312-329 aCita: TR LALEY AR/DOC/1765/2025 Publicado en: RCCyC 2025 (agosto). aSumario: I. A modo de introducción: panorama metodológico del DIPr. frente al Cód. Civ. y Com.— II. Los métodos para el logro de la coherencia sistémica en el Cód. Civ. y Com.— III. El Capítulo 1 sobre "Disposiciones generales": gran articulador del método en las cuestiones del DIPr. en el Cód. Civ. y Com.— IV. La cláusula de excepción.— V. Los límites que son excepción al normal funcionamiento del sistema metodológico.  t¿Te interesa el texto completo? Solicitalo al correo: koha@justierradelfuego.gov.ar 091497aCODIGO CIVIL Y COMERCIAL 09327aDERECHO INTERNACIONAL PRIVADO 093474aAUTONOMÍA DE LA VOLUNTAD 09720aJURISDICCION INTERNACIONAL 0aCOOPERACIÓN INTERNACIONAL 09716aORDEN PUBLICO0 0271393170dCiudad Autónoma de Buenos Aires : Thomson Reuters La Ley, 2015-tRevista Código Civil y Comercial. Nº 4 - Agosto 2025 2udccANA